| 000 | 00582nam a2200205 a 4500 | ||
|---|---|---|---|
| 001 | 64516 | ||
| 003 | BD-RjUL | ||
| 005 | 20211209081322.0 | ||
| 008 | 170215s1985 ru ||||| |||| 00| 0 eng d | ||
| 035 | _a(BD-RjUL)64646 | ||
| 040 |
_aBD-RjUL _beng _cBD-RjUL _dBD-RjUL |
||
| 041 | _aeng | ||
| 082 |
_223 _a973.0496073 _bIVB 1985 |
||
| 100 | 1 |
_aIvanov, R. F. _9191378 |
|
| 245 |
_aBlacks in United States history / _cR F Ivanov |
||
| 260 |
_aMoscow : _bProgress Publishers, _cc 1985. |
||
| 300 |
_a268 p. ; _c21 cm |
||
| 651 |
_aAfrican Americans _vHistory. _9191379 |
||
| 942 |
_2ddc _cBK |
||
| 999 |
_c64516 _d64516 |
||